000 02330nam0a22003611 4500
001 rc\1019619
005 20250622081350.0
035 _a(NLR Aleph) 006184436
090 _a6100196
_c6100196
100 _a20041129d1981 |||y0rusy50 ca
101 0 _arus
102 _aRU
105 _ay |||||||||
200 1 _aПоля и рощи в пасмурный день
_eПовести и рассказы
_fРомуальд Минна
_g[Вступ. статья В. Оскоцкого]
210 _aМ.
_cСовременник
_d1981
215 _a271 с.
_d21
225 1 _aНовинки "Современника"
327 1 _aСодерж.: Повести: Фрагментарное жизнеописание Йоозепа Мельдера в годы войны и в мирное время; Солдат призыва конца сорок третьего года; Рассказы: Поля и рощи в пасмурный день; Археолог; Послеполуденное солнце; Випунены; На озере; Один день из жизни; "Щепки"
464 0 _12001#$aФрагментарное жизнеописание Йоозепа Мельдера в годы войны и в мирное время
_tФрагментарное жизнеописание Йоозепа Мельдера в годы войны и в мирное время
464 0 _12001#$aСолдат призыва конца сорок третьего года
_tСолдат призыва конца сорок третьего года
464 0 _12001#$aПоля и рощи в пасмурный день
_tПоля и рощи в пасмурный день
464 0 _12001#$aАрхеолог
_tАрхеолог
464 0 _12001#$aПослеполуденное солнце
_tПослеполуденное солнце
464 0 _12001#$aВипунены
_tВипунены
464 0 _12001#$aНа озере
_tНа озере
464 0 _12001#$aОдин день из жизни
_tОдин день из жизни
464 0 _12001#$aˆ"‰Щепки"
_tˆ"‰Щепки"
700 1 _aМинна
_bР.Р.
_f1926-
_gРомуальд Рихардович
801 0 _aRU
_bNLR
_gpsbo
801 1 _aRU
_bELAR
_2rusmarc
852 _aNLR
_j82-3/143
942 _cBOOK
980 _aNB